អត្រានុកូលដ្ឋាន / (Record no. 1493)

MARC details
000 -LEADER
fixed length control field 01602nam a22002657a 4500
005 - DATE AND TIME OF LATEST TRANSACTION
control field 20231002103624.0
020 ## - INTERNATIONAL STANDARD BOOK NUMBER
International Standard Book Number 9789924341246
040 ## - CATALOGING SOURCE
Original cataloging agency FISKH
Language of cataloging eng
Transcribing agency FISKH
Modifying agency FISKH
082 ## - DEWEY DECIMAL CLASSIFICATION NUMBER
Classification number 001.9
100 ## - MAIN ENTRY--PERSONAL NAME
Personal name Sophal, Bot
245 ## - TITLE STATEMENT
Title អត្រានុកូលដ្ឋាន /
Remainder of title ឯកសារចំណេះដឹង​ :
260 ## - PUBLICATION, DISTRIBUTION, ETC.
Place of publication, distribution, etc. Phnom Penh :
Name of publisher, distributor, etc. Sipar,
Date of publication, distribution, etc. 2021.
300 ## - PHYSICAL DESCRIPTION
Extent 43 pages :
Other physical details color illustrations ;
Dimensions 25 cm
490 ## - SERIES STATEMENT
Series statement តម្រង់ទិសវិជ្ជាជីវៈ
505 ## - FORMATTED CONTENTS NOTE
Formatted contents note Z'<br/>
520 ## - SUMMARY, ETC.
Summary, etc. ជាឯកសារចំណេះដឹងដែលបង្ហាញពីបែបបទ និងនិតិវិធីក្នុងការធ្វើឯកសារនានាដែលទាក់ទងនឹងអាពាហ៍ពិពាហ៍ កំណើត និងមរណភាព រួមទាំងសារៈសំខាន់ និងបញ្ហាប្រឈមនាននៃការខកខានមិនបានបំពេញឯកសារពាក់ព័ន្ធទាំងនោះ។
520 ## - SUMMARY, ETC.
Summary, etc. A knowledge document that outlines the procedures and procedures for filing documents related to marriage, birth, and death, as well as the importance and challenges of failing to complete the relevant documents.
521 ## - TARGET AUDIENCE NOTE
Target audience note 1120<br/><br/><br/>
Source Lexile estimate<br/>
521 ## - TARGET AUDIENCE NOTE
Target audience note Z'<br/>
Source Raz-Plus<br/>
650 ## - SUBJECT ADDED ENTRY--TOPICAL TERM
Topical term or geographic name entry element ចំណេះដឹង
Form subdivision សំខាន់
General subdivision បញ្ហា
650 ## - SUBJECT ADDED ENTRY--TOPICAL TERM
Topical term or geographic name entry element Knowledge
Form subdivision Important
General subdivision Problem
700 ## - ADDED ENTRY--PERSONAL NAME
Personal name Visoth, Seng
Titles and other words associated with a name illustrator
942 ## - ADDED ENTRY ELEMENTS (KOHA)
Source of classification or shelving scheme Dewey Decimal Classification
Koha item type Books
Suppress in OPAC No
999 ## -
-- 1493
-- 1493
Holdings
Withdrawn status Lost status Source of classification or shelving scheme Damaged status Not for loan Collection Home library Current library Shelving location Date acquired Total Checkouts Full call number Barcode Date last seen Copy number Price effective from Koha item type Date last checked out
    Dewey Decimal Classification     Khmer Non-Fiction / សៀវភៅខ្មែរ រឿងពិត Footprints International School Library Network Toul Kork Campus Footprints International School Library Network Toul Kork Campus   08/28/2023   SOP 001.9 2023-0397 08/28/2023 1 08/28/2023 Books  
    Dewey Decimal Classification     Khmer Non-Fiction / សៀវភៅខ្មែរ រឿងពិត Footprints International School Library Network Toul Kork Campus Footprints International School Library Network Toul Kork Campus   08/28/2023 1 SOP 001.9 2023-0398 05/26/2025 2 08/28/2023 Books 05/21/2025